| 000 | 00549nam a2200205Ia 4500 | ||
|---|---|---|---|
| 003 | GCL | ||
| 008 | 140319s9999 xx 000 0 aRus d | ||
| 040 |
_aGCL / _cGCL |
||
| 082 | 0 | 4 |
_a861 _bL A |
| 100 | 1 | _aLOYNAZ, DULCE MARIA | |
| 245 | 1 | 0 |
_aANTOLOGIA LIRICA: PREMIO CERVANTES DE LITERATURA 1992 / _cLOYNAZ, DULCE MARIA |
| 260 |
_a[S.N] : _bESPASA - CALPE ، _c1993 |
||
| 300 | _a261 | ||
| 650 | 0 | 4 | _aLITERATURE |
| 650 | 0 | 4 | _aSPANISH POEMS |
| 650 | 0 | 4 | _aPOETRY |
| 650 | 0 | 4 | _aSPANISH LITERATURE |
| 650 | 0 | 4 | _aSPANISH POETRY |
| 942 |
_2ddc _cBK |
||
| 999 |
_c12854 _d12854 |
||